Najbardziej znani grający polscy bramkarze - Statystyki

Ogólne statystyki
  • Ten quiz został rozwiązany 862 razy
  • Średni wynik to 7 z 15
Statystyki odpowiedzi
Hint Odpowiedź % Poprawnych
1 Szczęsny
100%
2 Fabiański
96%
3 Boruc
81%
5 Skorupski
74%
4 Drągowski
72%
10 Grabara
60%
8 Tytoń
51%
6 Gikiewicz
46%
9 Malarz
43%
11 Majecki
42%
7 Białkowski
40%
12 Sandomierski
17%
13 Kamiński
5%
14 Kurto
5%
15 szmatuła
4%
Nie znaleziono quizów pasujących do podanych kryteriów
Rozkład punktacji
Procent ludzi z każdym wynikiem
Percentyl według liczby udzielonych odpowiedzi
Twoja historia wyników
Nie rozwiązałeś tego quizu